| 000 | 00939nam a22002297a 4500 | ||
|---|---|---|---|
| 999 |
_c3812 _d3812 |
||
| 003 | AR-CdUCM | ||
| 008 | 190307b ||||| |||| 00| 0 spa d | ||
| 040 |
_aMUNICIPALIDAD PROVINCIAL DEL CUSCO _cBIBLIOTECA MUNICIPAL DEL CUSCO |
||
| 041 | _heng | ||
| 082 |
_a350.722 / _bL37 |
||
| 100 |
_aLee, Robert D. _912285 |
||
| 245 | _aEl gobierno y la economía / | ||
| 260 |
_aMéxico : _bFondo de cultura económica, _c1977. |
||
| 300 |
_a363 páginas ; _c21 cm. |
||
| 505 | _aContenido: El sector público visto en perspectiva -- El gobierno y la economía -- Ciclos presupuestales -- La información de programa y la reforma presupuestaria -- Sistemas de planeación, programación y presupuesto -- Planeación de programa y toma de decisiones ... | ||
| 650 |
_aEconomía _9382 |
||
| 650 |
_aPresupuesto _93446 |
||
| 650 |
_aPresupuesto por programas _912286 |
||
| 700 |
_aJhonson, Ronald W. _912287 |
||
| 942 |
_2ddc _cLIBROS |
||
| 945 | _azta | ||